| 000 | 00457nam a2200133Ia 4500 | ||
|---|---|---|---|
| 008 | 200910s9999 xx 000 0 und d | ||
| 020 | _a978-074-94-8068-4 | ||
| 100 | _aHesketh, Ian | ||
| 245 |
_cIan Hesketh, Cary Cooper _aWellbeing at work: _bhow design, implement and evaluate an effective strategy/ |
||
| 260 |
_aQuezon City: _bC and E Publishing, Inc. _c2019 |
||
| 300 |
_avii, 169 pages _c23 cm. |
||
| 650 | _aJob stress | ||
| 650 | _aQuality of work life | ||
| 999 |
_c364167 _d364167 |
||